Click The State By Their Capitals - Statistics

General Stats
  • This quiz has been taken 28 times
    26 since last reset
  • The average score is 44 of 50
Answers on the Map
Answers color-coded by a green-red scale on the quiz's map according to % correct below.
 
Answer Stats
Answer % Correct
Albany
95%
Austin
95%
Honolulu
95%
Nashville
95%
Atlanta
90%
Boise
90%
Cheyenne
90%
Columbus
90%
Denver
90%
Frankfort
90%
Harrisburg
90%
Helena
90%
Indianapolis
90%
Jackson
90%
Juneau
90%
Madison
90%
Olympia
90%
Phoenix
90%
Richmond
90%
Sacramento
90%
Salem
90%
Salt Lake City
90%
Santa Fe
90%
Tallahassee
90%
Augusta
86%
Baton Rouge
86%
Bismarck
86%
Boston
86%
Carson City
86%
Columbia
86%
Jefferson City
86%
Lansing
86%
Lincoln
86%
Montgomery
86%
Oklahoma City
86%
Providence
86%
Raleigh
86%
Springfield
86%
Topeka
86%
Trenton
86%
Annapolis
81%
Des Moines
81%
Hartford
81%
Little Rock
81%
Pierre
81%
Saint Paul
81%
Charleston
76%
Concord
76%
Dover
76%
Montpellier
76%
No matching quizzes found
Score Distribution
Percent of People with Each Score
Percentile by Number Answered
Your Score History
You have not taken this quiz since the last reset